|
|
|
|
| LEADER |
02632nam a22003857a 4500 |
| 001 |
30964 |
| 003 |
BD-DhAAL |
| 005 |
20260106153011.0 |
| 008 |
160321r20152013ii a b 001 0 eng d |
| 020 |
|
|
|a 9788126556403
|
| 040 |
|
|
|a BD-DhAAL
|c BD-DhAAL
|
| 082 |
0 |
0 |
|a 515
|
| 100 |
1 |
|
|a Anton, Howard.
|9 18688
|
| 245 |
|
|
|a Calculus :
|b late transcendentals /
|c Howard Anton, Irl Bivens, Stephen Davis
|
| 250 |
|
|
|a Tenth edition.
|
| 260 |
|
|
|a New Delhi :
|b Wiley;
|c c2013 [reprinted 2015, 2018, 2022].
|
| 300 |
|
|
|a various paging's ;
|a xix, 1168 pages :
|b illustrations ;
|c 27 cm.
|
| 500 |
|
|
|a Includes index.
|
| 526 |
|
|
|a MNS
|
| 541 |
|
|
|a Book Finder International
|e 30964, 30965, 30966, 30967, 30968, 11847, 39179
|
| 650 |
|
0 |
|a Calculus.
|9 18689
|
| 650 |
|
0 |
|a Mathematics.
|9 50045
|
| 700 |
1 |
|
|a Bivens, Irl
|9 18690
|
| 700 |
1 |
|
|a Davis, Stephen.
|9 18691
|
| 852 |
|
|
|a Ayesha Abed Library
|c General Stacks
|
| 942 |
|
|
|2 ddc
|c BK
|
| 999 |
|
|
|c 36949
|d 36949
|
| 952 |
|
|
|0 0
|1 0
|2 ddc
|4 0
|6 515_000000000000000_ANT
|7 0
|9 58240
|a BRACUL
|b BRACUL
|c GEN
|d 2016-03-21
|g 1274.00
|l 41
|m 280
|o 515 ANT
|p 3010030964
|r 2026-05-21
|s 2026-02-19
|t 1
|v 1274.00
|w 2016-02-22
|y BK
|
| 952 |
|
|
|0 0
|1 0
|2 ddc
|4 0
|6 515_000000000000000_ANT
|7 0
|9 58241
|a BRACUL
|b BRACUL
|c GEN
|d 2016-03-21
|g 1274.00
|l 50
|m 274
|o 515 ANT
|p 3010030965
|r 2026-05-20
|s 2026-04-13
|t 2
|v 1274.00
|w 2016-02-22
|y BK
|
| 952 |
|
|
|0 0
|1 0
|2 ddc
|4 0
|6 515_000000000000000_ANT
|7 0
|9 58242
|a BRACUL
|b BRACUL
|c CIR
|d 2016-03-21
|g 1274.00
|l 79
|m 119
|o 515 ANT
|p 3010030966
|r 2026-05-18
|s 2026-05-17
|t 3
|v 1274.00
|w 2016-02-22
|y 1HOUR
|
| 952 |
|
|
|0 0
|1 0
|2 ddc
|4 0
|6 515_000000000000000_ANT
|7 0
|9 58243
|a BRACUL
|b BRACUL
|c GEN
|d 2016-03-21
|g 1274.00
|l 35
|m 314
|o 515 ANT
|p 3010030967
|r 2026-05-21
|s 2026-03-05
|t 4
|v 1274.00
|w 2016-02-22
|y BK
|
| 952 |
|
|
|0 0
|1 0
|2 ddc
|4 0
|6 515_000000000000000_ANT
|7 0
|9 58244
|a BRACUL
|b BRACUL
|c GEN
|d 2016-03-21
|g 1274.00
|l 41
|m 309
|o 515 ANT
|p 3010030968
|q 2026-06-02
|r 2026-02-19
|s 2026-02-19
|t 5
|v 1274.00
|w 2016-02-22
|y BK
|
| 952 |
|
|
|0 0
|1 0
|2 ddc
|4 0
|6 515_000000000000000_ANT
|7 0
|9 64716
|a BRACUL
|b BRACUL
|c GEN
|d 2018-11-20
|g 1274.00
|l 36
|m 200
|o 515 ANT
|p 3010011847
|q 2026-06-02
|r 2026-02-19
|s 2026-02-19
|t 6
|v 1274.00
|w 2016-02-22
|y BK
|x Due to lost 7th ed. and replaced by 10th edition(Acc.#11847) of this book on 18.11.2018
|
| 952 |
|
|
|0 0
|1 0
|2 ddc
|4 0
|6 515_000000000000000_ANT
|7 0
|9 65484
|a BRACUL
|b BRACUL
|c GEN
|d 2019-05-09
|e Hye Trade International
|g 1189.00
|l 29
|m 143
|o 515 ANT
|p 3010034684
|q 2026-04-27
|r 2025-08-18
|s 2025-08-18
|t 7
|v 1189.00
|w 2019-05-09
|y BK
|
| 952 |
|
|
|0 0
|1 0
|2 ddc
|4 0
|6 515_000000000000000_ANT
|7 0
|9 71271
|a BRACUL
|b BRACUL
|c GEN
|d 2022-07-18
|e Book Finder International
|g 1507.74
|l 29
|m 137
|o 515 ANT
|p 3010039179
|q 2026-06-02
|r 2026-02-23
|s 2026-02-23
|t 8
|v 1507.74
|w 2022-07-18
|y BK
|